Witamy w Bibliotece Naukowej Instytutu Łączności!

Badanie wpływu urządzeń ochrony katodowej na sąsiednie metalowe konstrukcjie podziemne / (Rekord nr 15565)

000 -LEADER
fixed length control field 00324 a2200085 4500
100 1# - MAIN ENTRY--PERSONAL NAME
Personal name Dąbrowski, S..
Relator term Autor
245 0# - TITLE STATEMENT
Title Badanie wpływu urządzeń ochrony katodowej na sąsiednie metalowe konstrukcjie podziemne /
Statement of responsibility, etc Dąbrowski S..
260 ## - PUBLICATION, DISTRIBUTION, ETC. (IMPRINT)
Place of publication, distribution, etc Warszawa :
Name of publisher, distributor, etc IŁ,
Date of publication, distribution, etc 1965.
300 ## - PHYSICAL DESCRIPTION
Extent VI,99 s.;
Dimensions 34 cm.
710 2# - ADDED ENTRY--CORPORATE NAME
Corporate name or jurisdiction name as entry element Instytut Łączności.
Relator term Wydawca
Relator code pbl
Egzemplarze
Withdrawn status Lost status Damaged status Not for loan Permanent Location Current Location Shelving location Date acquired Cost, normal purchase price Full call number Date last seen Price effective from Koha item type
        Instytut Łączności Instytut Łączności Magazyn 1965-09-13 0.00 S-01621/arch 2017-11-30 2017-11-30 Książki
        Instytut Łączności Instytut Łączności Magazyn 1965-09-13 0.00 S-01622 2017-11-30 2017-11-30 Książki

Działa dzięki Koha